00605nam a2200193Ia 450000500170000000800410001702000150005808200150007310000190008824500800010726000530018730000170024065000120025765000110026965000130028094200060029395200970029999900150039620240729022921.0240331s9999 xx 000 0 und d a9559102265 a303.4bJAY aJayawardena, K 0aNobodies to somebodies :bthe rise of the colonial bourgeoisie in Sri Lanka aColombobThe Social Scientists Associationc2000 axx, 390 p ., aCulture aGender aReligion cL 001040708LaWERCLbWERCLcSSCd2024-03-31l0o 303.4 JAYp4219r2024-03-31w2024-03-31yL c1214d1214